000 01744cad a22002775a 4500
001 L150675
008 100816s2010 xxk f 000 0 eng d
020 _a9781409825166
035 _a(Sirsi) u150675
041 0 _aeng
050 0 4 _a306.1 $2 18
100 1 _aFord, Janet
245 0 0 _aGiving up home ownership
_ba qualitative study of voluntary possession and selling because of financial difficulties[electronic resource]
260 _aLondon
_bDCLG
_c2010
505 2 _aExecutive summary -- Chapter 1 introduction -- Chapter 2 Voluntary possession and voluntary sale existing knowledge and new research -- Chapter 3 Characteristics of households leaving homeownership by voluntary rotues and key drivers of their arrears -- Chapter 4 extend of and reasons for mortgage arrears amongst those giving voluntary possession or selling -- Chapter 5 Route to voluntary possession or a sale in response to payment difficulties -- Chapter 6 Outcomes of voluntary possession and sales to address financial problems -- Chapter 7 Key conclusions and policy implications
520 _aQualitative analysis of the reasons that home owners give up ownership of property on grounds of voluntary repossession. Characteristics of household leaving home ownership by voluntary routes and the reasons for mortgage arrears and financial problems.
590 _aKA
600 1 4 _aBretherton, Joanne
600 1 4 _aJones, Anwen
600 1 4 _aRhodes, David
651 4 _aENGLAND AND WALES
690 _aPROPERTY-RESIDENTIAL PROPERTY
710 1 _aUniversity of York
_bCentre for Housing Policy
856 4 8 _uhttps://www.communities.gov.uk/documents/housing/pdf/1684824.pdf
_z View this item free of charge at www.communities.gov.uk
942 _n0
999 _c110943
_d110943